| 000 | 00647nam a22001697a 4500 | ||
|---|---|---|---|
| 005 | 20220610152229.0 | ||
| 008 | 220610b ||||| |||| 00| 0 eng d | ||
| 020 | _a0797776123377 | ||
| 050 | _aHD39.5.B63(2e) | ||
| 100 | _9Boateng, Douglas. | ||
| 245 |
_aExecutive insight series : compendium of supply chain management terms / _cDouglas Boateng. |
||
| 250 | _a2nd ed. | ||
| 260 |
_aJohannesburg : _bPanAvest International and Partners, _c2016. |
||
| 300 |
_a927 p. : _c22 cm. |
||
| 505 | _aContents : A -- B -- C-- D -- E -- F-- G -- H -- I -- J -- K -- L -- M -- N -- O -- P -- Q-- R -- S -- T -- U -- V -- W -- X -- Y -- Z. | ||
| 942 |
_2ddc _cBK |
||
| 999 |
_c9012 _d16512 |
||